000 00613nam a2200241 a 4500
001 nice12345678
003 IN_TiNIC
005 20260116013724.0
008 050524s1998 dela grp 000 0 eng
020 _a8174882
_c300
082 0 0 _a907.2
_bBAJ
100 _aBajaj, Satish K
245 _aRecent Trends in Historiography
260 _aDelhi
_bAnmol Publishers
_c1998
300 _a164p
500 _aincludes index and biblioraphy
505 2 _aAppendix, Bibliography, Index
650 _aHistoriography
700 1 _aBajaj, Satish K
902 _bSRS
942 _cBK
999 _c12155
_d12155